000 01106nam0a22002771 4500
001 RU\INFOCOMM_322\NLR\5000099209
005 20250613103214.0
035 _a(NLR Aleph) 009461773
090 _a8471363
_c8471363
100 _a20121210d1981 |||y0rusy50 ca
101 0 _ager
102 _aRU
105 _ay z |||||
200 1 _aDokumente Und Resolutionen
_eMaterialen des XXVI. Parteitages der Kommun. Partei der Sowjetunion, Moskau, 23. Febr. - 3. März, 1981
210 _aM.
_cAPN-Verl.
_d1981
215 _a265 с.
_d20 см
300 _aВ вып. дан.: Документы и резолюции : Материалы XXVI Съезда КПСС, Москва, 23 февр. - 3 марта 1981 г.
601 0 2 _aКПСС
_bСъезд
_d26
_f1981
_jДокументы и материалы
_eМосква
_2nlr_sh1
620 _aМосква
686 _aФ61(2)273-11"1981"
_2rubbk
710 0 2 _aKommunistische Partei der Sowjetunion
_bParteitag
_d26
_eMoskau
_f1981
_4070
801 1 _aRU
_bNLR
_c20121210
801 0 _aRU
_bINFOCOMM
_gPSBO
852 _aNLR
_jИп31 Д-3/125
942 _cBOOK
980 _aNB